01806nam a2200289 i 4500001001300000003000900013005001700022008004100039020002900080040003800109041001300147082003600160100005200196245006300248264002700311300002200338336002700360337003400387338002700421490001500448504004000463520079100503600003001294655007401324655008101398830003701479000000438236IT-MiSPE20200913110309.0190801s2019 it 000 ubita d a9788810432198c25.00 EUR aIT-MiSPEbitadclberdacIT-MiSPE0 aitaagrc a227.092-ROS gé pa (axa 23292)1 aRossé, Gérard,csacerdote,d1937-,eautore.10aPaolo: profilo biografico e teologico /cGérard Rossé. 1aBologna :bEDB,c2019. a280 p. ;c19,5 cm atestobtxt2rdacontent asenza mediazionebn2rdamedia avolumebnc2rdacarrier1 aFondamenta aBibliografia alla fine dei capitoli aUnica figura della Chiesa del primo secolo di cui abbiamo abbastanza elementi per tentare di scrivere una biografia, Paolo è da molti considerato il vero fondatore del cristianesimo. È colui che ha elaborato le basi teologiche dell’universalismo e dell’uscita dal giudaismo come sistema di salvezza basato sulla Legge di Mosè. Le sue lettere, datate tra gli anni 50 e 55, quindi due decenni dopo la morte di Gesù, sono inoltre gli unici scritti di cui conosciamo l’autore. Esse costituiscono una testimonianza unica non solo del pensiero dell’apostolo, ma anche della vita, dei problemi e dell’organizzazione delle comunità cristiane della sua epoca e contengono un vero patrimonio storico di formule liturgiche, catechetiche e kerygmatiche degli inizi della Chiesa.04aPaulus Apostolus,csanto. 7aSacra Scrittura. Studi sul Nuovo TestamentoxPaolo: biografia.2local 7aSacra Scrittura. Studi sul Nuovo TestamentoxPaolo: studi e teologia.2local 0aFondamenta [Edizioni Dehoniane].